Trouvez le pays grace au Joueur de Football -- Europe - Statistiques

Statistiques générales
  • Ce quiz a été pris 219 fois
  • Le résultat moyen est 34 sur 55
Statistiques - réponses
Joueur Pays % Correct
Andrés Iniesta Espagne
97%
Gianluigi Buffon Italie
96%
Luka Modrić Croatie
95%
Just Fontaine France
93%
Johan Cruyff Pays-Bas
93%
Erling-Braut Haaland Norvège
92%
Zlatan Ibrahimović Suède
91%
Roy Keane Irlande
89%
Andriy Shevchenko Ukraine
89%
Miralem Pjanić Bosnie-Herzégovine
86%
Marcel Sabitzer Autriche
85%
Eusébio Portugal
85%
Peter Schmeichel Danemark
84%
Granit Xhaka Suisse
84%
Lev Yashin Russie
83%
Hakan Şükür Turquie
83%
Henrikh Mkhitaryan Arménie
82%
Ferenc Puskás Hongrie
82%
Gheorghe Hagi Roumanie
81%
Jan Oblak Slovénie
81%
George Best Irlande du Nord
80%
Bobby Charlton Angleterre
79%
Khvicha Kvaratskhelia Géorgie
78%
Kenny Dalglish Écosse
77%
Gylfi Sigurðsson Islande
77%
Karl-Heinz Rümmenigge Allemagne
76%
Nemanja Matić Serbie
72%
Hristo Stoichkov Bulgarie
71%
Järi Litmanen Finlande
68%
Odysseas Vlachodimos Grèce
67%
Stefan Savić Monténégro
64%
Ian Rush Pays de Galles
58%
Włodzimierz Smolarek Pologne
57%
Taulant Xhaka Albanie
56%
Eran Zahavi Israël
55%
Marc Wilmots Belgique
51%
Eljif Elmas Macédoine du Nord
51%
Sebastien Thill Luxembourg
43%
Antonín Panenka République Tchèque
39%
Amir Rrahmani Kosovo
38%
Elia Benedettini Saint-Marin
34%
Róbert Vittek Slovaquie
33%
Justas Lasickas Lituanie
32%
Teddy Teuma Malte
32%
Stelios Andreou Chypre
31%
Iker Álvarez Andorre
29%
Maksim Paskotši Estonie
26%
Raimonds Krollis Lettonie
26%
Oleg Reabciuk Moldavie
24%
Viljormur Davidsen Îles Féroé
23%
Bakhtiyor Zaynutdinov Kazakhstan
20%
Maks Ebong Biélorussie
19%
Justin Ospelt Liechtenstein
19%
Mahir Emreli Azerbaïdjan
18%
Tjay De Barr Gibraltar
18%
Aucun quiz correspondant
Distribution des résultats
% des personnes avec chaque résultat
Percentile par nombre de réponses
Votre historique - résultats
Vous n’avez pas pris ce quiz